Islamic Republic of Mauritania : Poverty Reduction Strategy Paper.

Mauritania's poverty reduction strategy paper is based on a broadly participatory process and serves as the policy framework for the country's economic and social policies. The focus is to accelerate economic growth and stabilize the macroeconomic framework, which benefits the poor, ensure...

Description complète

Détails bibliographiques
Collectivité auteur: International Monetary Fund
Format: Revue
Langue:English
Publié: Washington, D.C. : International Monetary Fund, 2011.
Collection:IMF Staff Country Reports; Country Report ; No. 2011/252
Accès en ligne:Full text available on IMF
LEADER 01650cas a2200241 a 4500
001 AALejournalIMF011244
008 230101c9999 xx r poo 0 0eng d
020 |c 5.00 USD 
020 |z 9781462324422 
022 |a 1934-7685 
040 |a BD-DhAAL  |c BD-DhAAL 
110 2 |a International Monetary Fund. 
245 1 0 |a Islamic Republic of Mauritania :   |b Poverty Reduction Strategy Paper. 
264 1 |a Washington, D.C. :  |b International Monetary Fund,  |c 2011. 
300 |a 1 online resource (159 pages) 
490 1 |a IMF Staff Country Reports 
500 |a <strong>Off-Campus Access:</strong> No User ID or Password Required 
500 |a <strong>On-Campus Access:</strong> No User ID or Password Required 
506 |a Electronic access restricted to authorized BRAC University faculty, staff and students 
520 3 |a Mauritania's poverty reduction strategy paper is based on a broadly participatory process and serves as the policy framework for the country's economic and social policies. The focus is to accelerate economic growth and stabilize the macroeconomic framework, which benefits the poor, ensure the development of human resources and expansion of basic services, and improve governance and build capacity. In the revision the focus is to strengthen leadership, monitoring, evaluation, and coordination. Mauritania has to take up major challenges to achieve the objectives established at the outset. 
538 |a Mode of access: Internet 
830 0 |a IMF Staff Country Reports; Country Report ;  |v No. 2011/252 
856 4 0 |z Full text available on IMF  |u http://elibrary.imf.org/view/journals/002/2011/252/002.2011.issue-252-en.xml  |z IMF e-Library